000 00946nam a22002177a 4500
999 _c57263
_d57263
003 Ge_BSU
005 20200130104615.0
008 200130s2009 ||||| |||| 00| 0 geo d
020 _a9789941143397 (ნაწ. 1)
041 _ageo
080 _a76:621(075.8) ბ -32
100 _aბაციკაძე, ი.
_96510
245 _aსაინჟინრო გრაფიკის კურსი : სახელმძღვანელო :
_bნაწ. 1 /
_cი. ბაციკაძე.
250 _aმე-2, გადამუშავებული და შესწორებული გამოცემა
264 _aთბილისი :
_bტექნ. უნ-ტი,
_c 2009.
300 _a148 გვ. :
_bსურ .;
_c20 სმ.
504 _aბიბლიოგრ.: გვ. 144.
653 _aსაინჟინრო გრაფიკა
653 _aტექნიკა
942 _2udc
_cBK